Fundamentos de química orgánica

Bibliographic Details
Main Author: Solomons, T.W Graham
Format: Section = Libro
Language:Undetermined
Spanish
Published: México Limusa 1990
Subjects:
LEADER 00497nam a2200193Ia 4500
008 240830s9999 xx 000 0 und d
020 |a 968-18-1838-5 
040 |a CEDOC FIQ-RUSB / 547 S689 
041 |a spa 
082 |a 547 S689 
100 1 |a Solomons, T.W Graham 
245 1 0 |a Fundamentos de química orgánica 
260 |a México  |b Limusa  |c 1990 
300 |a 903 p. : il 
650 7 |a QUIMICA ORGANICA 
650 7 |b  REACCIONES Y SU MECANISMOS 
942 |c BK  |2 ddc 
991 |a TEXTO 
999 |c 13970